Les modes de jeux de Team Fortress 2 - Statistiques

Statistiques générales
  • Ce quiz a été pris 10 fois
  • Le résultat moyen est 7 sur 16
Statistiques - réponses
Réponse % Correct
Attaque/Défense
100%
Attaque/Défense Médiéval
78%
Capture de Drapeau
78%
Charge Utile
67%
Points de contrôle
67%
Course à la charge utile
56%
Roi de la Colline
56%
Le Passe-temps
44%
Mannpower
33%
Mann vs. Machine
33%
Destruction de joueurs
22%
Livraison spéciale
22%
VS Saxton Hale
22%
Arena
11%
Contrôle territorial
11%
Mode Compétitif
11%
Aucun quiz correspondant
Distribution des résultats
% des personnes avec chaque résultat
Percentile par nombre de réponses
Votre historique - résultats
Vous n’avez pas pris ce quiz